000 01185aam a2200313 i 4500
001 768714001
003 CO-MdFUSB
005 20230222091122.0
007 ta
008 211016b1957 ne ||||| |||| 00| 0 ger d
020 _q[No incluye ISBN]
040 _bspa.
_aCO-MdFUSB
_cCO-MdFUSB
_dCO-MdFUSBC
_erda
041 _aeng
082 0 4 _a296.385
_223
_bE366
100 1 _avan Ek, Gerardo
_eautor
245 1 0 _aMens en maatschappij tussen chaos en kosmos :
_been onderzoek naar fundamenten voor sociale kritiek in de wijsheidsliteratuur in het oude Nabije Oosten en met name in oud Israël
_c/ Gerrit van Ek
264 1 _aPaises bajos,
_bProefschrift,
_c[1957]
264 4 _c© 1957
300 _a251 Páginas
_c; 25 cm
336 _2rdacontent
_atexto
_btxt
337 _2rdamedia
_asin mediación
_bn
338 _2rdacarrier
_avolumen
_bnc
505 _aHombre y sociedad entre caos y cosmos. Una investigación de los fundamentos de la crítica social sapiencial en el antiguo Cercano Oriente y especialmente en el antiguo Israel con un resumen en español.
563 _aRústico
653 _aJudaísmo
942 _cREF
945 _aJTF-925
999 _c31819
_d31819